Rime / (Record no. 183411)

MARC details
000 -LEADER
campo de control de longitud fija 00705nam a2200229 i 4500
001 - NÚMERO DE CONTROL
campo de control 183411
003 - IDENTIFICADOR DE NÚMERO DE CONTROL
campo de control ES-MaACL
005 - FECHA Y HORA DE LA ÚLTIMA TRANSACCIÓN
campo de control 20250815070200.0
008 - DATOS DE LONGITUD FIJA--INFORMACIÓN GENERAL
campo de control de longitud fija 140416s1913 it | |||| ||ita d
080 ## - NÚMERO DE LA CLASIFICACIÓN DECIMAL UNIVERSAL
Número de la Clasificación Decimal Universal 821.133.1-1"15"
100 1# - ENTRADA PRINCIPAL--NOMBRE DE PERSONA
Nombre de persona Stampa, Gaspara.
9 (RLIN) 147495
245 10 - MENCIÓN DEL TÍTULO
Título Rime /
Mención de responsabilidad, etc. Gaspara Stampa, Veronica Franco ; a cura di Abdelkader Salza.
260 ## - PUBLICACIÓN, DISTRIBUCIÓN, ETC.
Lugar de publicación, distribución, etc. Bari :
Nombre del editor, distribuidor, etc. Gius. Laterza & Figli,
Fecha de publicación, distribución, etc. 1913.
300 ## - DESCRIPCIÓN FÍSICA
Extensión 415 p. ;
Dimensiones 22 cm.
490 1# - MENCIÓN DE SERIE
Mención de serie Scrittori d'Italia ;
Designación de volumen o secuencia 52
700 1# - ENTRADA AGREGADA--NOMBRE PERSONAL
Nombre de persona Franco, Veronica.
9 (RLIN) 154730
700 1# - ENTRADA AGREGADA--NOMBRE PERSONAL
Nombre de persona Salza, Abdelkader.
9 (RLIN) 154731
740 0# - ENTRADA AGREGADA--TÍTULO RELACIONADO/ANALÍTICO NO CONTROLADO
Título relacionado o analítico no controlado Terze rime e sonetti.
830 00 - PUNTO DE ACCESO ADICIONAL DE SERIE-TÍTULO UNIFORME
Título uniforme Scrittori d'Italia
Designación de volumen o secuencia 52
9 (RLIN) 191925
852 ## - LOCALIZACIÓN
Ubicación ES-MaACL
Número de control de estantería G-3753
Holdings
Estatus retirado Estado de pérdida Estado de daño No para préstamo Biblioteca de origen Biblioteca actual Ubicación en estantería Fecha de adquisición Fuente de adquisición Total de préstamos Signatura topográfica completa Código de barras Visto por última vez Precio de reemplazo Tipo de ítem Koha
        Biblioteca del Ateneo de Madrid Biblioteca del Ateneo de Madrid Depósito 2 16/04/2014     G-3753 1192780 23/02/2023 23/02/2023 Libro impreso